00615nam a2200205 a 450000100060000000300080000600500170001400800410003103500190007204000410009104100080013208200240014010000420016424500400020626000390024630000290028550400270031465000360034165000320037768694BD-RjUL20211209081811.0730115s1963 nyua b 000 0 eng  a(BD-RjUL)68904 aDLCcODaWUdOCoLCdDLCdBD-RjULbeng aeng 223a539.7bHIT 19631 aHill, R. D.q(Robert Dickson),d1913-10aTracking down particles /cR D Hill aNew York :bW. A. Benjamin,c1963. a196 p. :bill. ;c22 cm. aIncludes bibliography. 0aNuclear physicsxPopular works. 0aParticles (Nuclear physics)